| 000 | 00628nam a2200193Ia 4500 | ||
|---|---|---|---|
| 005 | 20250508155805.0 | ||
| 008 | 008 250505s9999 xx 000 0 eng d | ||
| 037 | _aDissertations | ||
| 040 |
_aFEDL _beng _cFEDL |
||
| 041 |
_aeng _2eng |
||
| 084 |
_a371.2, CHU/DI _qFEDL |
||
| 100 |
_aChutani Charanjit Lal _9767516 |
||
| 245 | 0 | _aInvestigation into the attitude of the principals and teachers towards pupils' participation in the school administration | |
| 260 | _c1976 | ||
| 300 | _a53p. | ||
| 546 | _aM. Ed. Dissertation (Delhi University) | ||
| 942 |
_cDIS _h371.2, CHU/DI |
||
| 999 |
_c1359304 _d1359304 |
||